Normal view
MARC view
Entry Topical Term
001 - CONTROL NUMBER
- control field: 55386
003 - CONTROL NUMBER IDENTIFIER
- control field: OSt
005 - DATE AND TIME OF LATEST TRANSACTION
- control field: 20241120140640.0
008 - FIXED-LENGTH DATA ELEMENTS
- fixed length control field: 241120|| aca||aabn | a|a d
040 ## - CATALOGING SOURCE
- Original cataloging agency: OSt
- Transcribing agency: OSt
150 ## - HEADING--TOPICAL TERM
- Topical term or geographic name entry element: ဗုဒ္ဓဘာသာ
- Form subdivision: နိဗ္ဗာန်လမ်းညွှန်။
670 ## - SOURCE DATA FOUND
- Source citation: Work cat.: (OSt)16878: နိဗ္ဗာန်အမတသဘာဝနတ်လမ်းညွှန်၊ ဒုတိယတွဲ /, [ခုနှစ်မပါ]။